Advanced programming using Visual Basic 2005 /

Enregistré dans:
Détails bibliographiques
Auteur principal: Bradley, Julia Case
Autres auteurs: Millspaugh, A. C.
Format: Livre
Publié: Boston, Mass. : McGraw-Hill/Irwin, 2007.
Édition:3rd ed.
Sujets:
Accès en ligne:http://www.loc.gov/catdir/enhancements/fy0634/2006044874-d.html
http://www.loc.gov/catdir/enhancements/fy0634/2006044874-t.html
Tags: Ajouter un tag
Pas de tags, Soyez le premier à ajouter un tag!

MARC

LEADER 00000cam a22000004a 4500
020 |a 9780073517179 (alk. paper) 
020 |a 0073517178 (alk. paper)  |c Tzs 10,000/= 
040 |a MU Library  |b eng.  |e AACR 
082 0 0 |a 005.2768 BRA 
100 1 |a Bradley, Julia Case. 
245 1 0 |a Advanced programming using Visual Basic 2005 /  |c Julia Case Bradley and Anita C. Millspaugh. 
250 |a 3rd ed. 
260 |a Boston, Mass. :  |b McGraw-Hill/Irwin,  |c 2007. 
300 |a xxii, 650 p. :  |b ill. ;  |c 28 cm. 
500 |a Includes index. 
505 |a  Chapter 1. Visual Studio .NET Chapter 2. Building Multitier Applications with Classes Chapter 3. Windows Database Applications using ADO.NET Chapter 4. Windows Database using Related Tables Chapter 5. Windows Database Updates Chapter 6. Web Services Chapter 7. Web Applications using ASP.NET Chapter 8. Web Database Applications Chapter 9. Database Reports Using Crystal Reports Chapter 10. Using Collections and Generics Chapter 11. Creating User Controls Chapter 12. Creating Help Files Chapter 13. Looking Ahead Appendix A. Answers to Feedback Questions Appendix B. Review of Visual Basic .NET Concepts Appendix C. SQL Server Express Appendix D. SQL Primer Appendix E. Tips and Shortcuts for Mastering the Environment 
650 0 |a Computer programming. 
700 1 |a Millspaugh, A. C. 
856 4 2 |u http://www.loc.gov/catdir/enhancements/fy0634/2006044874-d.html 
856 4 1 |u http://www.loc.gov/catdir/enhancements/fy0634/2006044874-t.html 
942 |c BK 
999 |c 165  |d 165